000 00655nam a2200229 a 4500
001 14222
003 BD-JhCC
005 20250213105652.0
008 250209b20162020E a|||| ||a| 000 0 eng d
020 _a0241331145
035 _a(BD-JhCC)14222
040 _aBD-JhCC
_dBD-JhCC
041 _aenglish
082 _a158.1
_bSUN 2020
100 _aSunim , Haemin
245 _aLove for imperfect things :
_bhow to accept yourself in a world striving for perfection /
_c Haemin Sunim .
260 _aLondon:
_bPenguin Books;
_c2020.
300 _ai-vii,259 p .
_c21 cm.
650 _aSelf-actualization (Psychology)
942 _2ddc
_cBK
999 _c14223
_d14223